00648nam a2200241 4500003000400000005001700004008004100021020001500062040001800077050001600095100002600111245004700137260003500184264002000219300001700239336002200256337002400278338002400302500002200326650002900348942001200377999001700389OSt20260530115258.0260421b1972 xxu |||| |||| 00| 0 eng d a0521086868 aICIbspacICI aTA 174bG561 aGlegg, Gordon Lindsay14aThe Selection of design /cGordon L. Glegg aCambridge :bUniversity,c1972 1bCambridgec1972 a83 páginas atexto2rdacontent asin medio2rdamedia avolumen2rdacarrier aIncluye índice.0 aDiseño en ingeniería 2lcccBK c12699d12699